[Event "EU-ch U14 26th"]
[Site "Prague"]
[Date "2016.08.27"]
[Round "9"]
[White "Matus, Filip"]
[Black "Lavorgna, Francesco"]
[Result "1/2-1/2"]
[WhiteElo "1700"]
[BlackElo "1887"]
[PlyCount "62"]
[EventDate "2016.08.18"]
[EventType "swiss"]
[EventRounds "9"]
[EventCountry "CZE"]
[SourceTitle "CBM 174 Extra"]
[Source "ChessBase"]
[SourceDate "2016.10.10"]
[SourceVersion "1"]
[SourceVersionDate "2016.10.10"]
[SourceQuality "1"]

1. e4 c6 2. d4 d5 3. exd5 cxd5 4. Bd3 Nc6 5. c3 Qc7 6. h3 Nf6 7. Ne2 e6 8. Bf4 Bd6 9. Bxd6 Qxd6 10. 0-0 0-0 11. Nd2 e5 12. dxe5 Nxe5 13. Nc4 Nxc4 14. Bxc4 Qc5 15. Bb3 Bd7 16. Qd4 Qxd4 17. Nxd4 Rfe8 18. Rfe1 Kf8 19. Rad1 Rxe1+ 20. Rxe1 Re8 21. Rxe8+ Kxe8 22. f3 Ke7 23. Kf2 Kd6 24. Ke3 b5 25. Ne2 a5 26. Kd4 Bf5 27. a4 Bd7 28. axb5 Bxb5 29. Nf4 Bc6 30. c4 dxc4 31. Bxc4 Be8 1/2-1/2

[Event "EU-ch U14 26th"]
[Site "Prague"]
[Date "2016.08.18"]
[Round "1"]
[White "Sahidi, Samir"]
[Black "Lavorgna, Francesco"]
[Result "1-0"]
[WhiteElo "2225"]
[BlackElo "1887"]
[PlyCount "93"]
[EventDate "2016.08.18"]
[EventType "swiss"]
[EventRounds "9"]
[EventCountry "CZE"]
[SourceTitle "CBM 174 Extra"]
[Source "ChessBase"]
[SourceDate "2016.10.10"]
[SourceVersion "1"]
[SourceVersionDate "2016.10.10"]
[SourceQuality "1"]

1. e4 c6 2. d4 d5 3. Nc3 dxe4 4. Nxe4 Nf6 5. Nxf6+ exf6 6. Nf3 Bd6 7. Bc4 0-0 8. 0-0 Bg4 9. h3 Bh5 10. c3 Re8 11. Be3 Nd7 12. g4 Bg6 13. Bd3 Qc7 14. Bxg6 hxg6 15. Qd3 Rad8 16. Kg2 Bf4 17. Rfe1 Bxe3 18. Rxe3 Nb6 19. c4 Rxe3 20. fxe3 Nd7 21. Qa3 Nb6 22. Qd3 Nd7 23. Rd1 Nc5 24. Qc2 Ne6 25. b4 Qe7 26. a3 a5 27. Rb1 axb4 28. axb4 Ra8 29. Rb2 Ra3 30. Rb3 Rxb3 31. Qxb3 f5 32. c5 fxg4 33. hxg4 Nc7 34. Ne5 Nd5 35. b5 f6 36. bxc6 bxc6 37. e4 fxe5 38. exd5 exd4 39. d6+ Qf7 40. Qxf7+ Kxf7 41. Kf3 g5 42. Ke4 d3 43. Kxd3 g6 44. Kc4 Ke8 45. Kb4 Kd8 46. Ka5 Kc8 47. Kb6 1-0

[Event "Bratto op-C 35th"]
[Site "Bratto"]
[Date "2015.08.27"]
[Round "5.5"]
[White "Andolfatto, Maria"]
[Black "Lavorgna, Francesco"]
[Result "0-1"]
[WhiteElo "1634"]
[BlackElo "1720"]
[PlyCount "72"]
[EventDate "2015.08.23"]
[EventType "swiss"]
[EventRounds "8"]
[EventCountry "ITA"]
[SourceTitle "EXT 2022"]
[Source "ChessBase"]
[SourceDate "2021.10.06"]
[SourceVersion "1"]
[SourceVersionDate "2021.10.06"]
[SourceQuality "1"]

1. Nf3 Nf6 2. b3 e6 3. Bb2 Be7 4. c4 d5 5. e3 0-0 6. Be2 Ne4 7. 0-0 Bf6 8. d4 c5 9. Nbd2 Nc6 10. Nxe4 dxe4 11. Nd2 cxd4 12. Nxe4 e5 13. Nxf6+ Qxf6 14. exd4 exd4 15. Bd3 Re8 16. Re1 Bf5 17. Qd2 Qg6 18. Bxf5 Qxf5 19. Rad1 h6 20. Bxd4 Red8 21. Qc3 Qd7 22. Kf1 Nxd4 23. Rd3 Nb5 24. Rxd7 Nxc3 25. Rxb7 Nxa2 26. Ree7 Nc3 27. g3 Rf8 28. f3 a5 29. Re3 Na2 30. Ree7 Rab8 31. Ra7 Rxb3 32. Rxa5 Rb2 33. h4 Rd8 34. c5 Rd1+ 35. Re1 Rxe1+ 36. Kxe1 Nb4 0-1

[Event "Bratto op-C 35th"]
[Site "Bratto"]
[Date "2015.08.26"]
[Round "4.5"]
[White "Lavorgna, Francesco"]
[Black "Davini, Andrea"]
[Result "1/2-1/2"]
[WhiteElo "1720"]
[BlackElo "1695"]
[PlyCount "51"]
[EventDate "2015.08.23"]
[EventType "swiss"]
[EventRounds "8"]
[EventCountry "ITA"]
[SourceTitle "EXT 2022"]
[Source "ChessBase"]
[SourceDate "2021.10.06"]
[SourceVersion "1"]
[SourceVersionDate "2021.10.06"]
[SourceQuality "1"]

1. Nf3 d5 2. e3 Nf6 3. b3 Bg4 4. Bb2 c6 5. Be2 e6 6. 0-0 Bd6 7. c4 0-0 8. d3 Nbd7 9. Nbd2 Qe7 10. h3 Bh5 11. Nd4 Bg6 12. Nc2 e5 13. d4 e4 14. c5 Bc7 15. b4 Ne8 16. a4 f5 17. b5 f4 18. a5 Qh4 19. a6 bxa6 20. bxc6 Nb8 21. Bg4 Nf6 22. Be6+ Kh8 23. exf4 Qxf4 24. g3 Qh6 25. Kg2 Bh5 26. Bg4 1/2-1/2

[Event "Milan Carnevale op-B 5th"]
[Site "Milan"]
[Date "2014.03.09"]
[Round "5"]
[White "Lavorgna, Francesco"]
[Black "Colica, Daniele"]
[Result "0-1"]
[WhiteElo "1591"]
[BlackElo "1726"]
[PlyCount "55"]
[EventDate "2014.03.05"]
[EventType "swiss"]
[EventRounds "6"]
[EventCountry "ITA"]
[SourceTitle "EXT 2015"]
[Source "ChessBase"]
[SourceDate "2014.11.20"]
[SourceVersion "1"]
[SourceVersionDate "2014.11.20"]
[SourceQuality "1"]

1. Nf3 Nf6 2. c4 e6 3. g3 d5 4. d4 c5 5. cxd5 Nxd5 6. Bg2 Nc6 7. 0-0 Qb6 8. e4 Nf6 9. d5 Nd4 10. Nc3 Be7 11. d6 Qxd6 12. Bf4 Nxf3+ 13. Qxf3 e5 14. Bg5 Bg4 15. Qe3 Qd4 16. Qxd4 cxd4 17. Bxf6 dxc3 18. Bxe5 c2 19. Bxg7 Rg8 20. Bc3 Bd1 21. f4 Bc5+ 22. Kh1 0-0-0 23. Bf3 Bxf3+ 24. Rxf3 Rd1+ 25. Rf1 Rgd8 26. Kg2 Rxa1 27. Rxa1 Rd1 28. b3 0-1

[Event "Milan Befana op-B"]
[Site "Milan"]
[Date "2014.01.03"]
[Round "2"]
[White "Alidosi, Marco"]
[Black "Lavorgna, Francesco"]
[Result "1-0"]
[WhiteElo "1775"]
[BlackElo "1598"]
[PlyCount "127"]
[EventDate "2014.01.02"]
[EventType "swiss"]
[EventRounds "7"]
[EventCountry "ITA"]
[SourceTitle "EXT 2015"]
[Source "ChessBase"]
[SourceDate "2014.11.20"]
[SourceVersion "1"]
[SourceVersionDate "2014.11.20"]
[SourceQuality "1"]

1. Nf3 Nf6 2. d4 g6 3. c3 Bg7 4. Bf4 0-0 5. e3 d6 6. h3 Nbd7 7. Nbd2 Re8 8. Be2 e5 9. dxe5 dxe5 10. Bh2 Qe7 11. 0-0 c6 12. Qc2 Nd5 13. Rfd1 Nf8 14. e4 Nb6 15. Nc4 Nxc4 16. Bxc4 Be6 17. Bf1 Nd7 18. Ne1 f5 19. f3 fxe4 20. fxe4 Qc5+ 21. Kh1 Rf8 22. Nd3 Qe7 23. Bg1 Qh4 24. Qe2 Nf6 25. Re1 Bc4 26. Bf2 Qg5 27. Be3 Qg3 28. Qf3 Qxf3 29. gxf3 Nh5 30. Kg2 Rad8 31. Nc5 Bxf1+ 32. Rxf1 Rf7 33. Rad1 Rdf8 34. Ne6 Nf4+ 35. Nxf4 exf4 36. Bc5 Rc8 37. Rd3 b6 38. Bf2 Bf6 39. Rfd1 Rcc7 40. Bd4 Bh4 41. Be5 Rb7 42. c4 Kf8 43. Rd6 c5 44. R1d5 Ke8 45. Rc6 Rbd7 46. Bd6 Rd8 47. e5 Be7 48. e6 Rf8 49. Be5 Rxd5 50. cxd5 Rf5 51. Rc8+ Bd8 52. d6 Rxe5 53. e7 Rxe7 54. dxe7 Kxe7 55. Ra8 Kd7 56. Rxa7+ Bc7 57. Ra8 Be5 58. b3 Ke6 59. Ra7 h5 60. Rb7 Bc3 61. Rxb6+ Kf5 62. Rb5 Bb4 63. a4 g5 64. a5 1-0